000 00644nam a2200205 4500
001 126424
003 ES-MaACL
005 20250701212931.0
007 t|
008 070214s1944 ag r ||||1| spa d
100 1 _aRenouvier, Charles.
_996235
245 1 4 _aLos dilemas de la Metafísica Pura /
_cCharles Renouvier ; traducción directa de José Ferrater Mora.
260 _aBuenos Aires :
_bLosada,
_c1944.
300 _a234 p. ;
_c21 cm.
490 1 _aBiblioteca filosófica
700 1 _aFerrater Mora, José.
_950338
830 0 0 _aBiblioteca filosófica
_9179275
852 _aES-MaACL
_jE-1788
_bR.22634
999 _c126424
_d126424